000 00294nam a22001337a 4500
020 _a0000000242967
040 _cNUST
082 _a297 ABD
100 _aAbdul Khaliq
_915258
245 _aHaqiqat-e-Zikar
260 _aLahore:
_bBait-ul-Hiqmat,
_c2004.
650 _aIslam
942 _2ddc
_cBK
999 _c594983
_d594983